<?xml version="1.0" encoding="UTF-8"?>
<collection xmlns="http://www.loc.gov/MARC21/slim">
    <record>
        <controlfield tag="001">12569</controlfield>
        <controlfield tag="005">20190219123646.0</controlfield>
        <datafield tag="037" ind1=" " ind2=" ">
            <subfield code="a">TESIS-2013-115</subfield>
        </datafield>
        <datafield tag="041" ind1=" " ind2=" ">
            <subfield code="a">spa</subfield>
        </datafield>
        <datafield tag="080" ind1=" " ind2=" ">
            <subfield code="a">547</subfield>
        </datafield>
        <datafield tag="100" ind1="1" ind2=" ">
            <subfield code="a">Santafé Valero, Jorge</subfield>
        </datafield>
        <datafield tag="245" ind1="0" ind2="0">
            <subfield code="a">Reacciones enantioselectivas de inserción C-H en sustratos bencílicos</subfield>
        </datafield>
        <datafield tag="260" ind1=" " ind2=" ">
            <subfield code="a">Zaragoza</subfield>
            <subfield code="b">Universidad de Zaragoza, Prensas de la Universidad</subfield>
            <subfield code="c">2013</subfield>
        </datafield>
        <datafield tag="300" ind1=" " ind2=" ">
            <subfield code="a">236</subfield>
        </datafield>
        <datafield tag="490" ind1="0" ind2=" ">
            <subfield code="a">Tesis de la Universidad de Zaragoza</subfield>
            <subfield code="v">2013-96</subfield>
            <subfield code="x">2254-7606</subfield>
        </datafield>
        <datafield tag="500" ind1=" " ind2=" ">
            <subfield code="a">Presentado:  19 07 2013</subfield>
        </datafield>
        <datafield tag="502" ind1=" " ind2=" ">
            <subfield code="a">Tesis-Univ. Zaragoza, Química Orgánica, 2013</subfield>
            <subfield code="b">Zaragoza, Universidad de Zaragoza</subfield>
            <subfield code="c">2013</subfield>
        </datafield>
        <datafield tag="506" ind1=" " ind2=" ">
            <subfield code="a">by-nc-nd</subfield>
            <subfield code="b">Creative Commons</subfield>
            <subfield code="c">3.0</subfield>
            <subfield code="u">https://creativecommons.org/licenses/by-nc-nd/3.0/</subfield>
        </datafield>
        <datafield tag="520" ind1=" " ind2=" ">
            <subfield code="a">Durante las últimas décadas la demanda de nuevos compuestos químicos no ha parado de crecer. Día a día, en la sociedad en la que vivimos surgen nuevas necesidades para mantener el nivel de bienestar actual (fármacos, cosméticos, materiales, etc) que se conjugan con una mayor preocupación por la conservación del medio ambiente. Todo esto supone nuevos retos para la química, en especial para la química orgánica, que debe desarrollar rutas sintéticas más eficaces y selectivas, de una manera sostenible. En este punto, las reacciones de formación de enlaces C-C adquieren una gran importancia ya que permiten la preparación de moléculas con estructuras complejas  mediante la unión de fragmentos de pequeño tamaño. La inserción de carbenos en enlaces C-H permite la funcionalización de moléculas sencillas con un procedimiento catalítico y por tanto de alta economía atómica. Además, dado que los carbenos son fácilmente accesibles a partir de diazocompuestos, se abre un amplio abanico de posibles reactivos precursores de dichos carbenos. Cuando se desea obtener productos enantioméricamente puros, tal y como demandan las industrias de química fina, la catálisis asimétrica adquiere un papel fundamental. Se puede controlar el curso de la reacción, y la estereoquímica de la misma, mediante la utilización de catalizadores quirales que, gracias al fenómeno de la multiplicación de la quiralidad, permitan obtener un gran número de moléculas en la configuración deseada sin necesidad de utilizar auxiliares quirales en cantidades estequiométricas. En esta tesis se plantea el estudio de las reacciones de inserción C-H en diferentes sustratos bencílicos utilizando como precursores de carbeno diferentes diazocompuestos con los siguientes objetivos particulares: 1)	Estudio de las reacciones de inserción de fenildiazoacetato de metilo en sustratos aromáticos monosustituídos (tolueno, etilbenceno y cumeno), para comprobar la reactividad relativa de enlaces C-H primarios, secundarios y terciarios. 2)	Estudio del efecto de la sustitución en el anillo aromático del sustrato y en el del diazocompuesto (utilizando 4-bromofenildiazoacetato). Se comprobará si existe el mismo efecto (correlación de Hammett) que en el caso del rodio, lo que debería permitir comparar los mecanismos de las dos reacciones. 3)	Estudio de la reacción sobre los enlaces C-H en posiciones bencílicas que presenten a la vez un átomo de oxígeno en posición alfa.</subfield>
        </datafield>
        <datafield tag="653" ind1="1" ind2=" ">
            <subfield code="a">química orgánica</subfield>
        </datafield>
        <datafield tag="653" ind1="1" ind2=" ">
            <subfield code="a">catálisis</subfield>
        </datafield>
        <datafield tag="653" ind1="1" ind2=" ">
            <subfield code="a">reacciones enantioselectivas</subfield>
        </datafield>
        <datafield tag="700" ind1=" " ind2=" ">
            <subfield code="a">Fraile Dolado, José María</subfield>
            <subfield code="e">dir.</subfield>
        </datafield>
        <datafield tag="700" ind1=" " ind2=" ">
            <subfield code="a">Mayoral Murillo, José Antonio</subfield>
            <subfield code="e">dir.</subfield>
        </datafield>
        <datafield tag="710" ind1="2" ind2=" ">
            <subfield code="a">Universidad de Zaragoza</subfield>
            <subfield code="b">Química Orgánica</subfield>
        </datafield>
        <datafield tag="856" ind1="0" ind2=" ">
            <subfield code="f">zaguan@unizar.es</subfield>
        </datafield>
        <datafield tag="856" ind1="4" ind2=" ">
            <subfield code="s">16402471</subfield>
            <subfield code="u">http://zaguan.unizar.es/record/12569/files/TESIS-2013-115.pdf</subfield>
            <subfield code="z">Texto completo (spa)</subfield>
        </datafield>
        <datafield tag="909" ind1="C" ind2="O">
            <subfield code="o">oai:zaguan.unizar.es:12569</subfield>
        </datafield>
        <datafield tag="909" ind1="c" ind2="o">
            <subfield code="p">tesis</subfield>
        </datafield>
        <datafield tag="909" ind1="C" ind2="O">
            <subfield code="p">driver</subfield>
        </datafield>
        <datafield tag="910" ind1="2" ind2=" ">
            <subfield code="a">Química orgánica</subfield>
            <subfield code="b">Química Orgánica</subfield>
        </datafield>
        <datafield tag="980" ind1=" " ind2=" ">
            <subfield code="a">TESIS</subfield>
        </datafield>
    </record>

    
</collection>